| 000 | 00858nam a2200205Ii 4500 | ||
|---|---|---|---|
| 003 | JO-AjNU | ||
| 008 | 230605s9999||||xx |||||||||||||| ||und|| | ||
| 040 |
_aJO-AjNU _bara _erda _cJO-AjNU |
||
| 041 | _aara | ||
| 050 | 1 | 4 | _aBP310.B33.A34 1991 |
| 100 | 3 |
_aالدمشقي، عبد القادر بن بدران ؛ تصحيح وتقديم وتعليق: عبد الله بن عبد المحسن التركي, _eauthor _943495 |
|
| 245 | 0 | 0 | _aالمدخل الى مذهب الإمام أحمد بن حنبل |
| 250 | _aط4 | ||
| 264 | 3 | 1 | _aبيروت: مؤسسة الرسالة للطباعة والنشر والتوزيع، 1991 |
| 300 |
_a584ص _bالفهارس العامة ص 505-576 |
||
| 336 |
_atext _btxt _2rdacontent |
||
| 337 |
_aunmediated _bn _2rdamedia |
||
| 338 |
_avolume _bnc _2rdacarrier |
||
| 650 | 4 |
_aحنبلية- فقه اسلامي _943496 |
|
| 999 |
_aA18703 _c22271 _d22271 |
||